Регионална библиотека "Любен Каравелов" - Русе

Събрани съчинения (Запис номер 176200)

MARC детайли
000 -Лидер
Контролно поле с фиксирана дължина 02025nam a2200409 c 4500
003 - Код на организацията, давaща контролен номер
Контролно поле BLK
005 - Дата и час на последна редакция
Контролно поле 20241202104656.0
008 - Елементи от данни с фиксирана дължина
fixed length control field 180411b bul|||||r ||||||| ||bul||
010 ## - Наследен системен номер
LC control number KNG00184805000
020 ## - Международен стандартен номер на книга ISBN
Международен стандартен номер на книга ISBN 978-619-90077-3-0
040 ## - Източник на каталожния запис
Идентификатор на билиотеката - собственик на записа BLK
041 ## - Код за език
Код за езика на текст/звукозапис или на отделно заглавие Български
Код за езика КДБФ Български
072 #7 - Код за тематичната категория
Код организация bullib
Код за тематична категория Н84
Текст Българска художествена литература Н
080 ## - УДК
Текстов определител УДК Българска литература
УДК код - определител по УДК 821.163.2
УДК определител (081)
УДК - код + определител 821.163.2(081)
080 ## - УДК
Текстов определител УДК Българска литература
УДК код - определител по УДК 821.163.2
УДК определител -32
УДК - код + определител 821.163.2-32
080 ## - УДК
Текстов определител УДК Българска литература
УДК код - определител по УДК 821.163.2
УДК определител -93-32
УДК - код + определител 821.163.2-93-32
100 ## - Редна дума - Автор
R(LIN) 429765
Автор Радичков, Йордан Димитров
Дати, свързани с автора 1929-2004
139 ## - Редно поле
Редна дума Радичков, Йордан Димитров
Авторски знак Ради - Р 14
245 10 - Сведения за заглавието
Заглавие Събрани съчинения
Подзаглавни данни В 12 т.
Редно поле (дума) Йордан Димитров Радичков; състав., комент. и бел. Инна Иванова Пелева.
Том Т. 4
Заглавие на том Разкази 1997 - 2000
257 ## - Страна на издаване
Страна на създаване/издаване България
260 ## - Област на издателските данни
Година на издаване 2014 -
Печатница София : Унив. изд. Св. Климент Охридски
300 ## - Физическа характеристика
Размери/Мащаб 24 см
380 ## - Жанр
Жанр Худож. лит.
505 ## - Форматирана забележка
Заглавие Разкази за деца
505 ## - Форматирана забележка
Заглавие Разкази, непубликувани в авторови книги
659 ## - Тематичен бюлетин
Тематичен бюлетин Н
700 1# - Други автори (авторска отговорност)
Лично име Пелева, Инна Иванова
Автороска отговорност (Описва отношението между автора и произведението) състав., комент. и бел.
9 (RLIN) 371213
760 1# - Описание на основната серия
Редна дума на основното описание Радичков, Йордан Димитров
Място на издаване, издател и година НИКЕ, 2014
Страници - том 735 с. : с ил., 4 л. ил., портр.
Забележка - том Именен показалец, топогр. показалец, показалец на редките думи
Заглавие Т. 4 Разкази 1997 - 2000
852 ## - Местоположение
Форматна сигнатура Цб 278110
Фондова буква Заемна - подръчен фонд
Систематично-азбучна сигнатура П 886.7(081)/Р 14
856 4# - Електронен адрес и достъп
Електронен формат pdf - файл
Инструкция (цена за достъп) 0.00
Права за достъп disable
856 4# - Електронен адрес и достъп
Електронен формат pdf - файл
Инструкция (цена за достъп) 0.00
Права за достъп disable
999 ## - СИСТЕМНИ КОНТРОЛНИ НОМЕРА
Koha biblionumber 176200
Koha biblioitemnumber 176200
942 ## - АРТИКУЛИ
Вид на библиотечния материал Книги
Скрит в OPAC Не
Периодичен библиозапис Да
Koha issues (borrowed), all copies 8
944 ## - СЪЗДАВАНЕ И РЕДАКЦИЯ на ЗАПИСА
Създаване/Редакция Създаване
Дата на регистрацията/редакция 12.11.2015
Служител, извършил регистрацията/редакцията 30542
Статус, дата на статуса Русанова Ирена
944 ## - СЪЗДАВАНЕ И РЕДАКЦИЯ на ЗАПИСА
Създаване/Редакция Редакция
Дата на регистрацията/редакция 09.06.2016
Служител, извършил регистрацията/редакцията Симона_Петрова
999 ## - СИСТЕМНИ КОНТРОЛНИ НОМЕРА
Koha biblioitemnumber 176200
999 ## - СИСТЕМНИ КОНТРОЛНИ НОМЕРА
Koha biblioitemnumber 176200
Наличности
Код за отписване Код за изгубен артикул Код за повреда Коз за рестрикции Код за отдаване Артикулен № Име на библиотеката - собственик Име на библиотеката, в която се намира в момента Статус (Текущо местоположение) Дата на вписване в системата Местоположение - отдел Цена в лева Инвентарен номер Систематично азбучна сигнатура Баркод Номер на екземпляра Цена в евро Служебна бележка Служебен тип на артикула Източник на класификационната схема
  Не е изгубен Не е повреден без рестрикции ползва се в читалня 303285 Регионална библиотека "Любен Каравелов" Русе Регионална библиотека "Любен Каравелов" Русе Хранилище 2015-11-12 Хранилище 25.00 120000794737 Цб 278110 120000794737 1 12.78 Дост: Dp Вид: Д N: 42 Дата: 29.09.2015 Книги  
  Не е изгубен Не е повреден   заемане за дома 753903 Регионална библиотека "Любен Каравелов" Русе Регионална библиотека "Любен Каравелов" Русе Заемна - подръчен фонд 2020-01-13 Заемна - подръчен фонд 20.00   П 886.7(081)/Р 14 120000840894   10.23   Книги Universal Decimal Classification
  Не е изгубен Не е повреден   заемане за дома 753904 Регионална библиотека "Любен Каравелов" Русе Регионална библиотека "Любен Каравелов" Русе Заемна - подръчен фонд 2020-01-13 Заемна - подръчен фонд 20.00   П 886.7(081)/Р 14 120000840893   10.23   Книги Universal Decimal Classification
  Не е изгубен Не е повреден   заемане за дома 753905 Регионална библиотека "Любен Каравелов" Русе Регионална библиотека "Любен Каравелов" Русе Заемна - подръчен фонд 2020-01-13 Заемна - подръчен фонд 20.00   П 886.7(081)/Р 14 120000840892   10.23   Книги Universal Decimal Classification
Vip Innovations Ltd, Rousse, Bulgaria 2025